000 00385nam a22001697a 4500
003 BD-DhUIB
005 20251025182904.0
008 251025b |||||||| |||| 00| 0 eng d
040 _aBD-DhUIB
_cBD-DhUIB
050 _a330.1543
082 _222
100 _aGujarati, Damodar N.
_9230
245 _aEssentials of economics/
250 _a3rd ed.
526 _aBBA.
942 _2ddc
_cBK
999 _c608
_d608